Library of the University of Algiers 3
Ibrahim Sultan Cheibout
شعار جامعة الجزائر 3
مكتبة جامعة الجزائر 3
إبراهيم سلطان شيبوط

التمويل ووظائفة في البنوك الإسلامية والتجارية : (رقم التسجيلة. 44185)

تفاصيل مارك
000 -LEADER
fixed length control field 01454nam a2200241Ia 4500
003 - CONTROL NUMBER IDENTIFIER
control field Ost
005 - DATE AND TIME OF LATEST TRANSACTION
control field 20260507075354.0
008 - FIXED-LENGTH DATA ELEMENTS--GENERAL INFORMATION
fixed length control field 260507s9999||||xx |||||||||||||| ||und||
020 ## - INTERNATIONAL STANDARD BOOK NUMBER
International Standard Book Number 31118099579
040 ## - CATALOGING SOURCE
Transcribing agency fsecg
041 ## - LANGUAGE CODE
Language code of text/sound track or separate title ara
082 ## - DEWEY DECIMAL CLASSIFICATION NUMBER
Classification number 330
100 ## - MAIN ENTRY--PERSONAL NAME
Personal name العاني، قتيبة عبد الرحمن
Relator term مؤلف
245 #0 - TITLE STATEMENT
Title التمويل ووظائفة في البنوك الإسلامية والتجارية :
Remainder of title دراسة مقارنة /
Statement of responsibility, etc. قتيبة عبد الرحمن العاني
260 ## - PUBLICATION, DISTRIBUTION, ETC.
Place of publication, distribution, etc. عمان:
Name of publisher, distributor, etc. دار النفائس للنشر والتوزيع,
Date of publication, distribution, etc. 2013
300 ## - PHYSICAL DESCRIPTION
Extent 448 صفحة؛
Other physical details إيضاحات ؛
Dimensions 24 سم
504 ## - BIBLIOGRAPHY, ETC. NOTE
Bibliography, etc. note المراجع ص.429
520 ## - SUMMARY, ETC.
Summary, etc. طبيعة التمويل ووظائفه في البنوك الإسلامية والتجارية- طبيعة التمويل ووظائفه في البنوك- أساليب التمويل المستخدمة في البنوك الإسلامية- أدوات التمويل المستخدمة في البنوك الإسلامية- الخدمات المصرفية التمويلية- الخدمات المصرفية- المعاملات المالية المعاصرة- المؤسسات والأسواق المالية- تقييم السياسات التمويلية للبنوك الإسلامية والتجارية
653 ## - INDEX TERM--UNCONTROLLED
Uncontrolled term البنوك الإسلامية
653 ## - INDEX TERM--UNCONTROLLED
Uncontrolled term التبادل التجاري
653 ## - INDEX TERM--UNCONTROLLED
Uncontrolled term التمويل
942 ## - ADDED ENTRY ELEMENTS (KOHA)
Koha item type كتب
المقتنيات
Withdrawn status Lost status Source of classification or shelving scheme Damaged status Not for loan Home library Current library Date acquired Serial enumeration / chronology Inventory number Total checkouts Full call number Barcode Date last seen Price effective from Koha item type
    Dewey Decimal Classification   NOT LOAN / إعارة داخلية مكتبة كلية العلوم الإقتصادية والعلوم التجارية وعلوم التسيير مكتبة كلية العلوم الإقتصادية والعلوم التجارية وعلوم التسيير 07/05/2026 الطابق الأرضي 25196   أ/4243ن1 25196 07/05/2026 07/05/2026 كتب
    Dewey Decimal Classification   Available مكتبة كلية العلوم الإقتصادية والعلوم التجارية وعلوم التسيير مكتبة كلية العلوم الإقتصادية والعلوم التجارية وعلوم التسيير 07/05/2026 الطابق الأرضي 25197   أ/4243ن2 25197 07/05/2026 07/05/2026 كتب
    Dewey Decimal Classification   Available مكتبة كلية العلوم الإقتصادية والعلوم التجارية وعلوم التسيير مكتبة كلية العلوم الإقتصادية والعلوم التجارية وعلوم التسيير 07/05/2026 الطابق الأرضي 25198   أ/4243ن3 25198 07/05/2026 07/05/2026 كتب

موارد الويب المفتوحة


© University of Algiers 3 All Rights Reserved
|
Implemented by LECHELAH Riad